000 00610nam a2200193Ia 4500
003 GCL
005 20240530105338.0
008 140319s9999 xx 000 0 ara d
040 _aGCL /
_cGCL
082 0 4 _a780.92
_bج ح
100 1 _aجورج ابراهيم خورى
245 1 0 _aحكايتى مع النجوم : محمد عبدالوهاب /
_cجورج ابراهيم خورى
260 _a[S.N] :
_bجروس برس ،
_c1991
300 _a425 ص
650 0 4 _aالموسيقى
650 0 4 _aالموسيقيون المصريون
650 0 4 _aالموسيقيون - تراجم
942 _2ddc
_cBK
999 _c55152
_d55152